000 02507cam a22005054i 4500
003 PE-LiUPU
005 20250731173446.0
008 150616s r 000 0 d
035 _a(Sirsi) a5936
040 _aPE-LiUPU
_bspa
_cPE-LiUPU
_erda
049 _aPRUA
082 0 4 _a270.09
_bU61
_221
110 2 _aUniversidad Pontificia de Salamanca
245 1 0 _aHistoria de la Espiritualidad :
_bEspiritualidades no cristianas, espiritualidad judía y musulmana, del mundo greco-romano, de los antiguos pueblos paganos, de las culturas indígenas hispanoamericanas y de los pueblos orientales. Ateísmo.
_n4.
264 1 _aBarcelona :
_bUniversidad Pontificia de Salamanca,
_c1969.
300 _a725 páginas ;
_c24 cm.
336 _atext
_2rdacontent
337 _aunmediated
_2rdamedia
338 _avolume
_2rdacarrier
505 0 _aEspiritualidad Judía -- Espiritualidad Musulmana -- La vida religiosa y moral de los pueblos paganos del antiguo próximo oriente -- La Espiritualidad Griega y Romana -- Contribución de Eleusis a la espiritualida del mundo grecorromano -- La espiritualiad estoica -- Espiritualidad de Epicuro -- El Neoplatonismo -- Algunos aspectos de la espiritualiad Hindú -- Espiritualidad de las religones Chinas -- Espiritualidad Budista -- Shintoísmo Japonés -- El ateísmo.
526 _aSEG42
526 _aSEG41
526 _aSEG40
526 _aSEG39
526 _aP94
526 _aP87
526 _aP86
526 _aP85
526 _aP77
526 _aP76
526 _aP35
650 0 4 _aJudaísmo.
_91492
650 0 4 _aReligión greco-romana.
650 0 4 _aInduísmo.
910 _ajck
_bjvq
_cjck
942 _2ddc
_cBOOK
949 _a270.09 U61 4
_wDEWEY
_c1
_i34936
_lCCODEBUL1
_mBUL
_pdollar28
_r0
_sY
_tBOOK
_u19950920
_xTEOLOGIA
_PP35
_0COMPRA
_o.STAFF. Colección General
949 _a270.09 U61 4
_wDEWEY
_c2
_i13502
_lCCODEBUL1
_mBUL
_p00.00
_r0
_sY
_tBOOK
_u19950920
_xTEOLOGIA
_zUNKNOWN
_0COMPRA
_o.STAFF. Colección General
994 _aC0
_bPEPRU
596 _a1
999 _a270.09 U61 4
_wDEWEY
_c57015
_i34936
_f2021-11-12
_g6
_lCCODEBUL1
_mBUL
_r0
_sY
_tBOOK
_u2015-6-16
_xTEOLOGIA
_PP35
_0COMPRA
_o.STAFF. Colección General
_d57015
999 _a270.09 U61 4
_wDEWEY
_c2
_i13502
_d2018-10-2
_f2021-11-12
_g5
_lCCODEBUL1
_mBUL
_q1
_r0
_sY
_tBOOK
_u2015-6-16
_xTEOLOGIA
_zUNKNOWN
_0COMPRA
_o.STAFF. Colección General
980 _81
_gALBERTO SANCHEZ Responsable de Automatización